000 00187nam a22000977a 4500
020 _a9788187108429
082 _aK200
245 _aSAI BABA - THE DIVINE FAKIR
300 _a79P
942 _cBK
999 _c1984
_d1984